[Event "ODEM U25-A Oberhof"]
[Site "?"]
[Date "2013.05.24"]
[Round "8.4"]
[White "Jahncke, Giso"]
[Black "Cremer, Jan Paul"]
[Result "1-0"]
[WhiteElo "2214"]
[BlackElo "2195"]
[PlyCount "115"]
[EventDate "2013.??.??"]

1. c4 Nf6 2. g3 g6 3. Bg2 Bg7 4. Nc3 O-O 5. d4 d6 6. Nf3 Nc6 7. O-O e5 8. d5
Ne7 9. e4 Ne8 10. Ne1 f5 11. Nd3 Nf6 12. Bg5 fxe4 13. Nxe4 Nxe4 14. Bxe4 Bf5
15. f3 h6 16. Bd2 Bd7 17. g4 c6 18. Nf2 cxd5 19. cxd5 Be8 20. Qb3 Qd7 21. a4
Bf7 22. Be3 b6 23. a5 bxa5 24. Rxa5 a6 25. Rd1 g5 26. Qd3 Qb7 27. Rd2 Be8 28.
Qa3 Rf6 29. Nh1 Ng6 30. Ng3 Nh4 31. Bf2 Qf7 32. Nf5 Nxf5 33. Bxf5 Bd7 34. Be4
Rf8 35. Qe3 Bb5 36. Rc2 Rxf3 37. Bxf3 Qxf3 38. Qxf3 Rxf3 39. Ra3 Rf4 40. h3 e4
41. b4 Bd3 42. Rc8+ Kh7 43. Rc7 Kg6 44. Rc6 Rf3 45. Rxd6+ Kh7 46. Re6 Rf6 47.
Rxf6 Bxf6 48. d6 Kg6 49. Bb6 Bb5 50. Ra5 Bd7 51. Rxa6 Kf7 52. Ra7 Ke6 53. Bc5
Be5 54. Kf2 Bf4 55. Ra6 Kd5 56. Rb6 Be5 57. Rb7 Ke6 58. Rxd7 1-0

[Event "ODEM U25-A Oberhof"]
[Site "?"]
[Date "2013.05.24"]
[Round "8.5"]
[White "Figura, Atila"]
[Black "Stabernack, Joschi"]
[Result "1/2-1/2"]
[WhiteElo "2381"]
[BlackElo "2022"]
[PlyCount "82"]
[EventDate "2013.??.??"]

1. d4 Nf6 2. c4 g6 3. Nc3 Bg7 4. e4 d6 5. Nf3 O-O 6. Be2 e5 7. O-O Nc6 8. d5
Ne7 9. Ne1 Nd7 10. Be3 f5 11. f3 f4 12. Bf2 g5 13. Rc1 Nf6 14. c5 Ng6 15. cxd6
cxd6 16. Nb5 Rf7 17. Qc2 Ne8 18. Nxa7 Bd7 19. Bb5 Bxb5 20. Nxb5 h5 21. Kh1 g4
22. Na3 Bf6 23. Nc4 Bh4 24. Nd3 Qg5 25. fxg4 Bxf2 26. Qxf2 hxg4 27. g3 b5 28.
Na3 Nf6 29. Nxb5 Nxe4 30. Qe2 Nxg3+ 31. hxg3 Rh7+ 32. Kg1 fxg3 33. Qe4 Nh4 34.
Rc4 Nf3+ 35. Rxf3 gxf3 36. Qxf3 Rh4 37. Nxd6 Rf8 38. Qe2 Rf2 39. Rc8+ Kg7 40.
Rc7+ Kg8 41. Rc8+ Kg7 1/2-1/2

[Event "ODEM U25-A Oberhof"]
[Site "?"]
[Date "2013.05.24"]
[Round "8.6"]
[White "Frischmann, Rick"]
[Black "Reisberg, Andre"]
[Result "1-0"]
[WhiteElo "2254"]
[BlackElo "1975"]
[PlyCount "125"]
[EventDate "2013.??.??"]

1. f4 d5 2. b3 Nf6 3. Bb2 Bf5 4. e3 e6 5. Nf3 h6 6. Ne5 Nbd7 7. Be2 c6 8. Bf3
Qc7 9. d3 Nxe5 10. fxe5 Nd7 11. d4 O-O-O 12. Qe2 g5 13. e4 dxe4 14. Bxe4 Bxe4
15. Qxe4 Qa5+ 16. c3 Qd5 17. Nd2 f5 18. exf6 Nxf6 19. Qe2 Bg7 20. O-O-O Rde8
21. Rhe1 g4 22. Nc4 h5 23. Qe5 Rd8 24. Qxe6+ Qxe6 25. Rxe6 Ne8 26. Rde1 Bh6+
27. Kc2 Bf4 28. h3 gxh3 29. gxh3 Bg3 30. R1e3 h4 31. Ba3 Nc7 32. R6e4 Nd5 33.
Rf3 Rh7 34. Ne3 Nxe3+ 35. Rexe3 Kc7 36. Be7 Rd7 37. Bg5 Rdg7 38. Bf6 Rg6 39.
Kd3 Kd6 40. a4 a6 41. c4 Bh2 42. Be5+ Bxe5 43. c5+ Kd7 44. Rxe5 Rg3 45. Ree3
Rhg7 46. Ke2 Rg2+ 47. Rf2 R2g3 48. Rff3 Rg2+ 49. Kd3 R2g3 50. b4 Rxf3 51. Rxf3
Ke6 52. Ke4 Rg1 53. Rf4 Rb1 54. Rxh4 Rxb4 55. Rh6+ Kf7 56. Ke5 Kg7 57. Rd6 Rb3
58. h4 Re3+ 59. Kf5 Re7 60. h5 Rf7+ 61. Ke6 Rf4 62. Kd7 Rf1 63. Kc8 1-0

[Event "ODEM U25-A Oberhof"]
[Site "?"]
[Date "2013.05.24"]
[Round "8.7"]
[White "Stein, Daniel"]
[Black "Schirrmacher, Carsten"]
[Result "0-1"]
[WhiteElo "1823"]
[BlackElo "2095"]
[PlyCount "182"]
[EventDate "2013.??.??"]

1. e4 e5 2. Nf3 Nc6 3. Bb5 Nf6 4. O-O Nxe4 5. Re1 Nd6 6. Bxc6 dxc6 7. Nxe5 Be6
8. d4 Be7 9. Nd2 O-O 10. b3 Nf5 11. Ndf3 c5 12. Bb2 cxd4 13. Bxd4 Bb4 14. c3
Nxd4 15. cxb4 Nxf3+ 16. Qxf3 Qd5 17. Qxd5 Bxd5 18. Rad1 Rad8 19. Nc4 Rfe8 20.
f3 Rxe1+ 21. Rxe1 Kf8 22. Kf2 Be6 23. Ke3 Ke7 24. Na5 Bd5 25. Rc1 Rd7 26. Rc2
a6 27. Nc4 Ke6 28. Kf4 Kf6 29. h4 h6 30. Ne3 Be6 31. Ng4+ Ke7 32. Ke3 c6 33.
Ne5 Rd5 34. Nd3 Rxd3+ 35. Kxd3 Bf5+ 36. Kc3 Bxc2 37. Kxc2 Ke6 38. Kd3 Ke5 39.
g3 Kd5 40. Ke3 Ke5 41. Kd3 h5 42. Ke3 Kf5 43. Kd3 g5 44. hxg5 Kxg5 45. Ke4 f6
46. a3 b6 47. a4 f5+ 48. Ke5 a5 49. b5 c5 50. Kd6 f4 51. gxf4+ Kxf4 52. Kc7 h4
53. Kxb6 h3 54. Ka7 h2 55. b6 h1=Q 56. b7 Qh7 57. Ka8 Kxf3 58. b8=Q Ke3 59. Qb5
Qc7 60. Qe8+ Kd3 61. Qb5+ Kc3 62. Qc4+ Kb2 63. Qd5 Qb6 64. Qc4 Qb4 65. Qd5 Ka3
66. Ka7 Qd4 67. Qf3 c4+ 68. Ka6 cxb3 69. Kxa5 Qxa4+ 70. Kb6 Ka2 71. Qd5 Qb4+
72. Kc7 Qc3+ 73. Kb6 Qc2 74. Kb5 Qc3 75. Ka4 Kb2 76. Qg2+ Qc2 77. Qg7+ Ka2 78.
Qf7 Qe4+ 79. Kb5 Qd4 80. Qe6 Kb2 81. Qe2+ Kc3 82. Qe1+ Qd2 83. Qe5+ Kc2 84.
Qc5+ Kb1 85. Qg1+ Ka2 86. Qa7+ Kb2 87. Qg7+ Kc2 88. Qc7+ Kd1 89. Qh7 b2 90.
Qb1+ Ke2 91. Ka4 Qd1+ 0-1

[Event "ODEM U25-A Oberhof"]
[Site "?"]
[Date "2013.05.24"]
[Round "8.8"]
[White "Noetzel, Felix"]
[Black "Boehning, Kilian"]
[Result "1-0"]
[WhiteElo "2101"]
[BlackElo "1882"]
[PlyCount "57"]
[EventDate "2013.??.??"]

1. e4 e6 2. Nf3 d5 3. e5 c5 4. b4 cxb4 5. a3 Nc6 6. d4 Bd7 7. axb4 Bxb4+ 8. c3
Be7 9. Bd3 f5 10. O-O Na5 11. Na3 Rc8 12. Nb5 Bxb5 13. Bxb5+ Kf8 14. Ng5 Bxg5
15. Bxg5 Qxg5 16. Rxa5 a6 17. Bd7 Rd8 18. Bxe6 Ne7 19. Qb3 Qg6 20. Qb6 Rc8 21.
Rc5 Rxc5 22. dxc5 h5 23. Qd6 Rh6 24. Bd7 Qxd6 25. cxd6 Nc6 26. e6 g6 27. Re1
Rh7 28. Bxc6 bxc6 29. e7+ 1-0

[Event "ODEM U25-A Oberhof"]
[Site "?"]
[Date "2013.05.24"]
[Round "8.9"]
[White "Bilchinski, Anton"]
[Black "Faldum, Manfred"]
[Result "0-1"]
[WhiteElo "1900"]
[BlackElo "1865"]
[PlyCount "58"]
[EventDate "2013.??.??"]

1. d4 Nf6 2. c4 g6 3. Nc3 Bg7 4. e4 d6 5. Nf3 O-O 6. Be2 e5 7. O-O Nc6 8. d5
Ne7 9. Ne1 Nd7 10. Be3 f5 11. f3 f4 12. Bf2 g5 13. a4 Rf6 14. Nd3 Rh6 15. Be1
Rg6 16. b4 Nf6 17. Nf2 h5 18. c5 g4 19. Rc1 Bh6 20. Nb5 g3 21. Nd3 Nexd5 22.
exd5 Nxd5 23. Nxf4 gxh2+ 24. Kh1 Nxf4 25. Bc4+ d5 26. g3 Bh3 27. gxf4 Bg2+ 28.
Kxh2 Bxf4+ 29. Bg3 Qh4+ 0-1

[Event "ODEM U25-A Oberhof"]
[Site "?"]
[Date "2013.05.24"]
[Round "8.10"]
[White "Reimers, Juri"]
[Black "Pixa, Richard"]
[Result "0-1"]
[WhiteElo "1751"]
[BlackElo "1920"]
[PlyCount "74"]
[EventDate "2013.??.??"]

1. c4 c5 2. g3 Nc6 3. Nc3 g6 4. Bg2 Bg7 5. a3 Nf6 6. Rb1 a5 7. Nf3 d5 8. cxd5
Nxd5 9. O-O O-O 10. d4 Bf5 11. Ra1 cxd4 12. Nxd4 Nxc3 13. bxc3 Nxd4 14. cxd4
Qxd4 15. Qxd4 Bxd4 16. Bh6 Bxa1 17. Rxa1 Rfd8 18. Bxb7 Rab8 19. Bf3 a4 20. Bc6
Bc2 21. Be3 Rb2 22. Rc1 Rd1+ 23. Kg2 Rxc1 24. Bxc1 Ra2 25. Bd5 Bb3 26. Bf3 e5
27. h4 f5 28. e4 Kf7 29. h5 Ke6 30. exf5+ gxf5 31. Bb7 Bd5+ 32. Bxd5+ Kxd5 33.
Kf3 Kc4 34. g4 fxg4+ 35. Kxg4 Rxf2 36. Be3 Rf7 37. Kg5 Kd3 0-1

[Event "ODEM U25-A Oberhof"]
[Site "?"]
[Date "2013.05.24"]
[Round "8.11"]
[White "Schirra, Felix"]
[Black "Schreiber, Kevin"]
[Result "1/2-1/2"]
[WhiteElo "1711"]
[BlackElo "1886"]
[PlyCount "42"]
[EventDate "2013.??.??"]

1. e4 c5 2. Nf3 e6 3. d4 cxd4 4. Nxd4 Nc6 5. Nc3 Qc7 6. g3 a6 7. Bg2 Nf6 8. O-O
Be7 9. a4 O-O 10. Nb3 d6 11. Kh1 b6 12. f4 Bb7 13. Qe2 d5 14. e5 Nd7 15. Be3
Nc5 16. Qf2 Nd7 17. Rfd1 Rab8 18. Ne2 a5 19. Ned4 Nxd4 20. Nxd4 Rfc8 21. Rac1
Ba6 1/2-1/2

[Event "ODEM U25-A Oberhof"]
[Site "?"]
[Date "2013.05.24"]
[Round "8.12"]
[White "Feldheim, Jonas"]
[Black "Alten, Silvio"]
[Result "1-0"]
[WhiteElo "2024"]
[BlackElo "1878"]
[PlyCount "51"]
[EventDate "2013.??.??"]

1. e4 c5 2. Nc3 e6 3. Nf3 d5 4. exd5 exd5 5. d4 Nf6 6. Bb5+ Bd7 7. Bxd7+ Qxd7
8. Qe2+ Be7 9. dxc5 Nc6 10. O-O O-O 11. Bg5 Qe6 12. Rfe1 d4 13. Qxe6 fxe6 14.
Nb5 e5 15. Nxe5 Nb4 16. Re2 Rfd8 17. a3 Nxc2 18. Rxc2 a6 19. Nc7 Rac8 20. Ne6
Rd5 21. Nd3 Kf7 22. Bxf6 Bxf6 23. Nef4 Rd7 24. Kf1 g5 25. Nh5 Rh8 26. b4 1-0

[Event "ODEM U25-A Oberhof"]
[Site "?"]
[Date "2013.05.24"]
[Round "8.13"]
[White "Litzka, Richard"]
[Black "Boehm, Malte"]
[Result "0-1"]
[WhiteElo "1572"]
[BlackElo "1992"]
[PlyCount "60"]
[EventDate "2013.??.??"]

1. e4 c5 2. Nf3 d6 3. b3 Nf6 4. Nc3 g6 5. Bb2 Bg7 6. Nd5 Nbd7 7. Bb5 O-O 8.
Bxd7 Bxd7 9. Nxf6+ exf6 10. O-O Bc6 11. Re1 Re8 12. d3 d5 13. Nd2 dxe4 14. Nxe4
Qd5 15. f3 Re6 16. Qd2 Rae8 17. Qf2 b6 18. Qh4 Qd8 19. Rad1 f5 20. Qxd8 Rxd8
21. Nc3 b5 22. Ba1 Rde8 23. Kf1 Rxe1+ 24. Rxe1 Rxe1+ 25. Kxe1 b4 26. Na4 Bxa1
27. Nxc5 Bd4 28. Na6 Bb7 29. Nc7 a6 30. f4 Kf8 0-1

[Event "ODEM U25-A Oberhof"]
[Site "?"]
[Date "2013.05.24"]
[Round "8.14"]
[White "Celmer, Ole"]
[Black "Kardoeus, David"]
[Result "1-0"]
[WhiteElo "1882"]
[BlackElo "1894"]
[PlyCount "47"]
[EventDate "2013.??.??"]

1. e4 e5 2. Nf3 Nf6 3. Nxe5 d6 4. Nf3 Nxe4 5. Nc3 Nxc3 6. dxc3 Be7 7. Be3 Nc6
8. Qd2 Bg4 9. Be2 Qd7 10. h3 Bh5 11. O-O-O O-O-O 12. Kb1 Rhe8 13. Qd5 f5 14. g4
fxg4 15. Qxh5 gxf3 16. Bxf3 Ne5 17. Be4 g6 18. Qe2 Kb8 19. Rd5 Nc6 20. Rb5 a6
21. Rb3 Ka8 22. Bd3 Nb8 23. c4 Bg5 24. Qf3 1-0

[Event "ODEM U25-A Oberhof"]
[Site "?"]
[Date "2013.05.24"]
[Round "8.15"]
[White "Steingraeber, Kai-Uwe"]
[Black "Mehling, Franziska"]
[Result "1/2-1/2"]
[WhiteElo "2169"]
[BlackElo "1690"]
[PlyCount "41"]
[EventDate "2013.??.??"]

1. d4 Nf6 2. c4 g6 3. Nc3 Bg7 4. e4 d6 5. Nf3 O-O 6. Be2 Nbd7 7. O-O e5 8. Rb1
Ne8 9. d5 f5 10. Ng5 Ndf6 11. f3 f4 12. b4 h6 13. Ne6 Bxe6 14. dxe6 Qe7 15. Nd5
Qxe6 16. c5 Kh8 17. Bc4 Qd7 18. Ba3 Rd8 19. Qc2 Nxd5 20. Bxd5 c6 21. Bb3
1/2-1/2

[Event "ODEM U25-A Oberhof"]
[Site "?"]
[Date "2013.05.24"]
[Round "8.16"]
[White "Weber, Daniel"]
[Black "Valet, Alexander"]
[Result "1-0"]
[WhiteElo "1897"]
[BlackElo "1910"]
[PlyCount "87"]
[EventDate "2013.??.??"]

1. d4 Nf6 2. Nc3 e6 3. e4 Bb4 4. Bg5 h6 5. Bxf6 Qxf6 6. a3 Bxc3+ 7. bxc3 b6 8.
Qf3 Bb7 9. Bd3 d6 10. Ne2 Nd7 11. Qxf6 gxf6 12. f3 Rg8 13. Rg1 Rg5 14. O-O-O
Ke7 15. g4 a6 16. Kb2 c5 17. h4 Rgg8 18. a4 Rgc8 19. Ng3 Bc6 20. Ra1 b5 21. d5
Bb7 22. axb5 Ne5 23. bxa6 Nxd3+ 24. cxd3 Bxa6 25. c4 Rcb8+ 26. Kc2 Bc8 27. Rgb1
Bd7 28. Ne2 f5 29. gxf5 exf5 30. d4 fxe4 31. fxe4 Bg4 32. Rxa8 Rxa8 33. Rb7+
Ke8 34. Nc3 cxd4 35. Nb5 Rd8 36. Nxd4 Rc8 37. Kd3 h5 38. Nc6 Bd7 39. Na7 Ra8
40. Kd4 Ba4 41. e5 dxe5+ 42. Kxe5 Rd8 43. c5 Rd7 44. c6 1-0

[Event "ODEM U25-A Oberhof"]
[Site "?"]
[Date "2013.05.24"]
[Round "8.17"]
[White "Donath, Johann"]
[Black "Mehling, Katharina"]
[Result "1/2-1/2"]
[WhiteElo "1958"]
[BlackElo "1837"]
[PlyCount "68"]
[EventDate "2013.??.??"]

1. e4 e6 2. d4 d5 3. Bd3 Nf6 4. e5 Nfd7 5. Nf3 c5 6. c3 Nc6 7. O-O f6 8. exf6
Nxf6 9. Re1 Bd6 10. Ng5 O-O 11. Nxe6 Bxe6 12. Rxe6 cxd4 13. Bg5 Bc5 14. Qf3
dxc3 15. bxc3 Qd7 16. Qh3 Bxf2+ 17. Kh1 Ne4 18. Bxe4 dxe4 19. Nd2 Rae8 20. Rxe4
Qxh3 21. gxh3 h6 22. Kg2 Bc5 23. Bh4 Bb6 24. Bg3 Ba5 25. Rae1 Rd8 26. Nb1 Rd3
27. R4e3 Rd7 28. Na3 Rd2+ 29. R1e2 Rxe2+ 30. Rxe2 Bxc3 31. Nb5 Bb4 32. a3 Bc5
33. Rc2 Be7 34. Bd6 Rf7 1/2-1/2

[Event "ODEM U25-A Oberhof"]
[Site "?"]
[Date "2013.05.24"]
[Round "8.18"]
[White "Reinfelder, Fabian"]
[Black "Diller, Daniel"]
[Result "0-1"]
[WhiteElo "1498"]
[BlackElo "1822"]
[PlyCount "116"]
[EventDate "2013.??.??"]

1. d4 d5 2. Bf4 Nf6 3. e3 c5 4. c3 Nc6 5. Bd3 cxd4 6. exd4 g6 7. Nd2 Bg7 8. h3
O-O 9. Ngf3 Nh5 10. Bh2 Bh6 11. O-O Nf4 12. Bxf4 Bxf4 13. Re1 Bc7 14. a4 a5 15.
Nf1 Qd6 16. Ng3 Qf6 17. Qe2 Be6 18. Nh2 Rfd8 19. Qf3 Qg5 20. Nhf1 Re8 21. Qd1
h5 22. Nh2 Bxg3 23. Nf3 Bxf2+ 24. Kxf2 Qf6 25. Kg1 Bf5 26. Bxf5 Qxf5 27. Qb3
Qd7 28. Re2 e6 29. Rf1 Rf8 30. Ref2 Qd6 31. Ng5 Qe7 32. Rf6 Nd8 33. Qc2 Kg7 34.
Qf2 Ra6 35. g4 e5 36. Rxa6 bxa6 37. Qe3 hxg4 38. hxg4 e4 39. Kg2 Ne6 40. Nxe4
dxe4 41. Qxe4 Qd6 42. d5 Nc7 43. Qd4+ f6 44. c4 Qe5 45. Qxe5 fxe5 46. Rxf8 Kxf8
47. Kf3 Ke7 48. Ke4 Kd6 49. c5+ Kxc5 50. Kxe5 Nxd5 51. Ke6 Kc4 52. Kf7 Nf4 53.
Kf6 Kb3 54. Kg5 Nd3 55. Kf6 Kxa4 56. g5 Nf4 57. Ke5 Nh5 58. Ke6 Ng3 0-1

[Event "ODEM U25-A Oberhof"]
[Site "?"]
[Date "2013.05.24"]
[Round "8.19"]
[White "Gubela, Hans-Erich"]
[Black "Askri, Samir"]
[Result "1/2-1/2"]
[WhiteElo "1788"]
[BlackElo "1785"]
[PlyCount "42"]
[EventDate "2013.??.??"]

1. b3 b6 2. Bb2 Bb7 3. f4 Nf6 4. Nf3 g6 5. e3 Bg7 6. Be2 O-O 7. O-O c5 8. c4
Nc6 9. Nc3 d5 10. Nxd5 Nxd5 11. Bxg7 Kxg7 12. cxd5 Qxd5 13. d4 cxd4 14. Nxd4
Nxd4 15. Qxd4+ Qxd4 16. exd4 Rac8 17. Rac1 Rxc1 18. Rxc1 Rc8 19. Rxc8 Bxc8 20.
Kf1 Bb7 21. g3 Be4 1/2-1/2

[Event "ODEM U25-A Oberhof"]
[Site "?"]
[Date "2013.05.24"]
[Round "8.20"]
[White "Khrapko, Marko"]
[Black "Werner, Justus"]
[Result "1/2-1/2"]
[WhiteElo "1818"]
[BlackElo "1652"]
[PlyCount "41"]
[EventDate "2013.??.??"]

1. e4 c5 2. Nf3 d6 3. d4 cxd4 4. Nxd4 Nf6 5. Bg5 Nxe4 6. Bh4 g6 7. Qf3 d5 8.
Bd3 Qb6 9. Nb3 Bg7 10. Bxe4 dxe4 11. Qxe4 Qe6 12. Qxe6 Bxe6 13. c3 Nc6 14. O-O
O-O 15. Re1 Rad8 16. N1d2 b6 17. Nf3 Rd7 18. Rad1 Rfd8 19. Rxd7 Rxd7 20. h3 h6
21. Bg3 1/2-1/2

[Event "ODEM U25-A Oberhof"]
[Site "?"]
[Date "2013.05.24"]
[Round "8.21"]
[White "Alcer, Fabian"]
[Black "Edel, Fenja"]
[Result "1-0"]
[WhiteElo "1732"]
[BlackElo "1635"]
[PlyCount "73"]
[EventDate "2013.??.??"]

1. e4 e6 2. d4 d5 3. Bd3 Nf6 4. e5 Nfd7 5. Nf3 c5 6. c3 Nc6 7. Be3 Qb6 8. Qc1
h6 9. O-O Be7 10. Re1 c4 11. Bc2 Qc7 12. Nbd2 b5 13. Nf1 a5 14. Ng3 a4 15. a3
Na5 16. Nd2 Nb3 17. Nxb3 axb3 18. Bd1 Nb6 19. Nh5 Kf8 20. Rf1 Qd8 21. Bg4 Bd7
22. f4 g6 23. Ng3 h5 24. Bh3 Na4 25. Qd2 h4 26. f5 hxg3 27. fxe6 gxh2+ 28. Kh1
Rxh3 29. Bh6+ Kg8 30. exf7+ Kh7 31. gxh3 Bf5 32. Kxh2 Nxb2 33. Rxf5 gxf5 34.
Rg1 Qd7 35. Qg2 Bf8 36. Qg6+ Kh8 37. Qg8# 1-0

[Event "ODEM U25-A Oberhof"]
[Site "?"]
[Date "2013.05.24"]
[Round "8.22"]
[White "Carow, Annelen"]
[Black "Lagunow, Elina"]
[Result "1-0"]
[WhiteElo "2025"]
[BlackElo "1759"]
[PlyCount "85"]
[EventDate "2013.??.??"]

1. d4 Nf6 2. c4 g6 3. Nc3 Bg7 4. e4 d6 5. f3 O-O 6. Be3 Nc6 7. Nge2 a6 8. Qd2
Rb8 9. Rb1 b5 10. cxb5 axb5 11. b4 Bd7 12. d5 Ne5 13. Nd4 Nc4 14. Bxc4 bxc4 15.
O-O e6 16. b5 exd5 17. exd5 Re8 18. a4 Qc8 19. Bf2 Qb7 20. Nc6 Bxc6 21. dxc6
Qc8 22. Rfe1 Qf5 23. Bd4 h5 24. Rbd1 Kh7 25. Kh1 h4 26. Qf2 g5 27. Bxf6 Bxf6
28. Rxe8 Rxe8 29. Nd5 Bd8 30. Kg1 Re5 31. Qd2 h3 32. b6 c3 33. Nxc3 cxb6 34.
Qxd6 Be7 35. Qd3 Bc5+ 36. Kf1 Qxd3+ 37. Rxd3 hxg2+ 38. Kxg2 Re6 39. c7 Rc6 40.
Nb5 Be7 41. Rd7 Bf6 42. Rxf7+ Kg8 43. Rxf6 1-0

[Event "ODEM U25-A Oberhof"]
[Site "?"]
[Date "2013.05.24"]
[Round "8.23"]
[White "Beck, Michael"]
[Black "Erofeev, Anastasia"]
[Result "1-0"]
[WhiteElo "1985"]
[BlackElo "1813"]
[PlyCount "55"]
[EventDate "2013.??.??"]

1. e4 e5 2. Nf3 Nc6 3. Bc4 Bc5 4. d3 Nf6 5. Bb3 d6 6. c3 Bg4 7. h3 Be6 8. Bc2
Qd7 9. Nbd2 d5 10. Qe2 d4 11. c4 h6 12. Ba4 Qd6 13. a3 Nd7 14. b4 Bxb4 15. axb4
Nxb4 16. Bxd7+ Bxd7 17. O-O O-O 18. Ba3 c5 19. Rfc1 Rfe8 20. Nf1 b5 21. N3d2
Na6 22. cxb5 Bxb5 23. Ng3 Nb4 24. Nc4 Bxc4 25. Rxc4 Re6 26. Rac1 a5 27. Rxc5
Qa6 28. R5c4 1-0

[Event "ODEM U25-A Oberhof"]
[Site "?"]
[Date "2013.05.24"]
[Round "8.24"]
[White "Torzinski, Nils"]
[Black "Yin, Stanley"]
[Result "1/2-1/2"]
[WhiteElo "1805"]
[BlackElo "2018"]
[PlyCount "40"]
[EventDate "2013.??.??"]

1. e4 c6 2. d4 Na6 3. Nf3 d6 4. Nc3 Nc7 5. Bg5 h6 6. Bh4 Nf6 7. Be2 Ne6 8. d5
Nf4 9. O-O g5 10. Bg3 N6h5 11. Bc4 Bg4 12. h3 Bd7 13. Bb3 Bg7 14. Nd4 Qb6 15.
Bxf4 Nxf4 16. Nxc6 bxc6 17. Ne2 Nxe2+ 18. Qxe2 O-O 19. Rad1 Be5 20. Qh5 Kg7
1/2-1/2

[Event "ODEM U25-A Oberhof"]
[Site "?"]
[Date "2013.05.24"]
[Round "8.25"]
[White "Schwedek, Tony"]
[Black "Stark, Timo"]
[Result "1/2-1/2"]
[WhiteElo "1933"]
[BlackElo "1843"]
[PlyCount "61"]
[EventDate "2013.??.??"]

1. d4 d5 2. c4 e6 3. Nc3 c6 4. e4 dxe4 5. Nxe4 Nd7 6. Nf3 Ngf6 7. Nc3 Be7 8.
Bd3 O-O 9. O-O Qc7 10. Re1 Rd8 11. Qc2 Nf8 12. Bg5 b6 13. Rad1 Bb7 14. Ne4 Nxe4
15. Bxe7 Qxe7 16. Bxe4 Rac8 17. Qe2 Qf6 18. Rd2 Ng6 19. g3 Rc7 20. Red1 Rcd7
21. Ne5 Rc7 22. f4 Qe7 23. Kg2 Nf8 24. Qf2 Nd7 25. Nxd7 Rcxd7 26. Kg1 g6 27. b3
Qb4 28. Qe3 Qa3 29. Qe2 Qb4 30. Qe3 Qa3 31. Qe2 1/2-1/2

[Event "ODEM U25-A Oberhof"]
[Site "?"]
[Date "2013.05.24"]
[Round "8.26"]
[White "Schmidt, Daniel (Stadtilm)"]
[Black "Goettel, Tobias"]
[Result "1-0"]
[WhiteElo "1753"]
[BlackElo "1989"]
[PlyCount "126"]
[EventDate "2013.??.??"]

1. c4 e5 2. Nc3 Nf6 3. d3 g6 4. Nf3 d6 5. g3 Bg7 6. Bg2 Nc6 7. O-O O-O 8. d4
Re8 9. d5 Ne7 10. e4 Nh5 11. Ne1 Bd7 12. Nd3 Qc8 13. c5 Bh3 14. cxd6 Bxg2 15.
Kxg2 cxd6 16. Be3 f5 17. f3 fxe4 18. fxe4 Nf6 19. Bg5 Rf8 20. Rc1 Qd7 21. Qe2
h6 22. Be3 a6 23. Bg1 b5 24. a3 Rac8 25. Nb4 Qb7 26. Nd3 Rc4 27. b3 Rc7 28. Na2
Rxc1 29. Ndxc1 Rc8 30. Rd1 a5 31. Rd2 h5 32. Rc2 Bh6 33. Nc3 b4 34. axb4 axb4
35. N3a2 Rxc2 36. Qxc2 Nexd5 37. exd5 Qxd5+ 38. Kf1 Ne4 39. Ke2 Nd2 40. Qxg6+
Bg7 41. Nxb4 Qg2+ 42. Bf2 Qf1+ 43. Kxd2 Qxf2+ 44. Ne2 Qc5 45. Qe6+ Kh7 46. Qc4
Qf2 47. Qd3+ Kg8 48. Qxd6 Qxh2 49. Nd3 e4 50. Qe6+ Kf8 51. Qxe4 Qh3 52. Qf4+
Kg8 53. Qc4+ Kh8 54. Qh4 Qxh4 55. gxh4 Kh7 56. Nef4 Bf6 57. Ng2 Kh6 58. b4 Kg6
59. Ndf4+ Kf5 60. Nxh5 Be7 61. b5 Kg4 62. Nhf4 Bc5 63. h5 Kg5 1-0

[Event "ODEM U25-A Oberhof"]
[Site "?"]
[Date "2013.05.24"]
[Round "8.27"]
[White "Hoepfner, Tim"]
[Black "Gamisch, Laura"]
[Result "0-1"]
[WhiteElo "1955"]
[BlackElo "1763"]
[PlyCount "82"]
[EventDate "2013.??.??"]

1. d4 d5 2. c4 e6 3. Nf3 Nf6 4. g3 c6 5. Qc2 Nbd7 6. Bg2 Nb6 7. Nbd2 Bb4 8.
cxd5 exd5 9. O-O O-O 10. Ne5 Bd6 11. Ndf3 Ne4 12. Bf4 g5 13. Be3 f6 14. Nd3 Nc4
15. Bc1 Bf5 16. Nfe1 Bc7 17. b3 Nb6 18. Bb2 Qe8 19. Nf3 h5 20. Nd2 h4 21. Nxe4
Bxe4 22. Qd2 Kg7 23. Nc5 hxg3 24. hxg3 Rh8 25. Nxe4 dxe4 26. Rfc1 Qh5 27. Rc5
Qg4 28. Rac1 Bd6 29. R5c2 Nd5 30. e3 Rh6 31. Qe2 Qf5 32. Kf1 Bxg3 33. Ke1 Bd6
34. Rc4 Rah8 35. Qc2 Bb4+ 36. Rxb4 Nxb4 37. Qxe4 Nd3+ 38. Kd2 Qxe4 39. Bxe4
Nxc1 40. Bxc1 Rh2 41. Ke2 g4 0-1

[Event "ODEM U25-A Oberhof"]
[Site "?"]
[Date "2013.05.24"]
[Round "8.28"]
[White "Engers, Felix"]
[Black "Lansky, Georg"]
[Result "0-1"]
[WhiteElo "1804"]
[BlackElo "1852"]
[PlyCount "106"]
[EventDate "2013.??.??"]

1. e4 e5 2. Nf3 Nc6 3. d4 exd4 4. Bc4 Bb4+ 5. c3 dxc3 6. Nxc3 d6 7. O-O Bxc3 8.
bxc3 Nf6 9. Re1 O-O 10. Bg5 Bg4 11. Qd3 Bxf3 12. gxf3 Ne5 13. Qe2 Nxc4 14. Qxc4
h6 15. Bh4 g5 16. Bg3 Nh5 17. Kh1 Nxg3+ 18. hxg3 Qd7 19. Kg2 b5 20. Qd3 Rad8
21. Rh1 Kg7 22. Qd4+ f6 23. Qxa7 c5 24. Qxd7+ Rxd7 25. a4 bxa4 26. Rxa4 Rb8 27.
Rha1 Rb6 28. Kf1 h5 29. Kg2 Kg6 30. Ra5 Rh7 31. Ra8 Rd7 32. Rh1 Rb3 33. Rc1 Rb2
34. Rca1 Rc2 35. R8a3 Rb7 36. R1a2 Rxa2 37. Rxa2 Rb3 38. Rc2 Kf7 39. Kh3 Ke6
40. f4 d5 41. exd5+ Kxd5 42. fxg5 fxg5 43. g4 h4 44. f4 gxf4 45. Kxh4 Ke4 46.
g5 f3 47. Kg3 c4 48. Kg4 Ke3 49. g6 Rb1 50. Kf5 f2 51. Rxf2 Kxf2 52. Ke4 Rg1
53. Kd4 Rg4+ 0-1

[Event "ODEM U25-A Oberhof"]
[Site "?"]
[Date "2013.05.24"]
[Round "8.29"]
[White "Stark, Sven"]
[Black "Arns, Alexander"]
[Result "1/2-1/2"]
[WhiteElo "1862"]
[BlackElo "1685"]
[PlyCount "58"]
[EventDate "2013.??.??"]

1. Nf3 Nf6 2. d4 g6 3. e3 Bg7 4. c4 d6 5. Nc3 O-O 6. Qb3 Nbd7 7. Be2 c5 8. d5
Nb6 9. e4 e6 10. dxe6 fxe6 11. O-O Ne8 12. Be3 Nd7 13. Rad1 Qc7 14. Nb5 Qc6 15.
Qd3 Bxb2 16. Nxd6 Qxd6 17. Qxd6 Nxd6 18. Rxd6 Nf6 19. Bh6 Re8 20. e5 Ne4 21.
Rd3 Nc3 22. Bd1 b6 23. Rd2 Bc1 24. Rc2 Bxh6 25. Rxc3 Rd8 26. Bc2 Bb7 27. Rd1
Rxd1+ 28. Bxd1 Rd8 29. Bb3 Rd7 1/2-1/2

[Event "ODEM U25-A Oberhof"]
[Site "?"]
[Date "2013.05.24"]
[Round "8.30"]
[White "Schroeder, Stefan"]
[Black "Lenz, Jonas"]
[Result "0-1"]
[WhiteElo "1694"]
[BlackElo "1972"]
[PlyCount "54"]
[EventDate "2013.??.??"]

1. d4 Nf6 2. c4 c5 3. d5 e6 4. Nc3 exd5 5. cxd5 d6 6. e4 g6 7. f4 Bg7 8. Bb5+
Nfd7 9. a4 Qh4+ 10. g3 Qe7 11. Bd3 O-O 12. Qe2 Na6 13. Nf3 Nb4 14. Bb1 Re8 15.
O-O Nf6 16. Rd1 Bg4 17. Kg2 Rac8 18. Qc4 Qd7 19. Re1 Bxf3+ 20. Kxf3 Qh3 21. Qe2
Nfxd5 22. Nxd5 Nxd5 23. Qg2 Qxg2+ 24. Kxg2 Nb4 25. Rd1 Rcd8 26. Kf3 Bd4 27. Re1
f5 0-1

[Event "ODEM U25-A Oberhof"]
[Site "?"]
[Date "2013.05.24"]
[Round "8.31"]
[White "Reif, Gerold"]
[Black "Meiser, Michael"]
[Result "1-0"]
[WhiteElo "1623"]
[BlackElo "1931"]
[PlyCount "75"]
[EventDate "2013.??.??"]

1. e4 c5 2. c4 g6 3. g3 Bg7 4. Bg2 e6 5. Nc3 Ne7 6. Nge2 Nbc6 7. d3 d6 8. O-O
O-O 9. h3 b6 10. f4 Bb7 11. g4 f5 12. g5 Qd7 13. Be3 Nd4 14. h4 e5 15. h5 fxe4
16. hxg6 Nxg6 17. Nxe4 Qg4 18. Nxd4 Qxd1 19. Raxd1 cxd4 20. Bd2 Bxe4 21. Bxe4
Nxf4 22. Bxa8 Rxa8 23. Bxf4 exf4 24. Rxf4 Be5 25. Rf5 Re8 26. Rdf1 Re7 27. Kg2
Kg7 28. Kh3 Kg6 29. Kg4 Bg7 30. Rf6+ Bxf6 31. Rxf6+ Kg7 32. Rxd6 Re2 33. Rxd4
Rxb2 34. Rd7+ Kg6 35. Rxa7 Rg2+ 36. Kf4 Rf2+ 37. Ke3 Rf5 38. Rb7 1-0

[Event "ODEM U25-A Oberhof"]
[Site "?"]
[Date "2013.05.24"]
[Round "8.32"]
[White "Vergin, Marcel"]
[Black "Sonnhalter, Stella"]
[Result "1/2-1/2"]
[WhiteElo "1801"]
[BlackElo "1843"]
[PlyCount "61"]
[EventDate "2013.??.??"]

1. d4 Nf6 2. Bg5 e6 3. Bxf6 Qxf6 4. Nf3 c5 5. e3 Nc6 6. c3 b6 7. Bd3 Bb7 8.
Nbd2 d5 9. O-O Bd6 10. dxc5 Bxc5 11. e4 O-O 12. Qe2 Ne5 13. Nxe5 Qxe5 14. Nf3
Qh5 15. e5 Rad8 16. Nd4 Qxe2 17. Bxe2 Rc8 18. Bd3 a6 19. Rac1 b5 20. a3 Rc7 21.
Rc2 Re8 22. f4 Bc8 23. Kf2 f6 24. Ke1 Bd7 25. Rff2 Kf7 26. Kd1 f5 27. h3 Ke7
28. g4 g6 29. gxf5 gxf5 30. Rg2 Kf7 31. Ke1 1/2-1/2